[Event "Mecklenburg VP LL2 Ost 2223"]
[Site "Mecklenburg VP"]
[Date "2023.01.15"]
[Round "5.4"]
[White "Moritz, Hartmut"]
[Black "Klotzsche, Stefan"]
[Result "1-0"]
[WhiteElo "2064"]
[BlackElo "1663"]
[PlyCount "67"]
[EventDate "2022.10.23"]
[EventType "team-tourn"]
[EventRounds "9"]
[EventCountry "GER"]
[SourceTitle "EXT 2024"]
[Source "ChessBase"]
[SourceDate "2023.10.10"]
[SourceVersion "1"]
[SourceVersionDate "2023.10.10"]
[SourceQuality "1"]
[WhiteTeam "Graal Mueritz"]
[BlackTeam "Motor Wolgast"]
[WhiteTeamCountry "GER"]
[BlackTeamCountry "GER"]

1. e4 e5 2. Nf3 Nc6 3. c3 d6 4. d4 exd4 5. cxd4 Bg4 6. Be2 Nf6 7. Nc3 Be7 8. 0-0 0-0 9. Be3 a6 10. Rc1 Qd7 11. a3 b5 12. b4 h6 13. Qc2 Na7 14. Rfd1 Nc8 15. e5 Ne8 16. Nd5 Bd8 17. h3 Bf5 18. Bd3 Bxd3 19. Qxd3 c6 20. Nf4 Ne7 21. d5 cxd5 22. Nxd5 dxe5 23. Nxe7+ Qxe7 24. Bc5 Qe6 25. Qe4 Rb8 26. Bxf8 Kxf8 27. Qxe5 Qb6 28. Qc5+ Qxc5 29. Rxc5 Bb6 30. Rc6 Ke7 31. Ne5 Nf6 32. Rxf6 Kxf6 33. Nd7+ Ke7 34. Nxb8 1-0

[Event "Mecklenburg VP LL2 Ost 2223"]
[Site "Mecklenburg VP"]
[Date "2022.11.06"]
[Round "2.2"]
[White "Klotzsche, Stefan"]
[Black "Abt, Martin"]
[Result "1-0"]
[WhiteElo "1663"]
[BlackElo "1496"]
[PlyCount "83"]
[EventDate "2022.10.23"]
[EventType "team-tourn"]
[EventRounds "9"]
[EventCountry "GER"]
[SourceTitle "EXT 2024"]
[Source "ChessBase"]
[SourceDate "2023.10.10"]
[SourceVersion "1"]
[SourceVersionDate "2023.10.10"]
[SourceQuality "1"]
[WhiteTeam "Motor Wolgast"]
[BlackTeam "Gryps SV"]
[WhiteTeamCountry "GER"]
[BlackTeamCountry "GER"]

1. Nf3 Nf6 2. g3 d5 3. Bg2 Nbd7 4. 0-0 e5 5. d3 Bc5 6. a4 0-0 7. Nc3 c6 8. e4 dxe4 9. Nxe4 Nxe4 10. dxe4 Qc7 11. Qe2 Rd8 12. Bg5 f6 13. Bd2 a5 14. Bh3 Nb6 15. Bxc8 Qxc8 16. b3 Qg4 17. Rad1 h5 18. Kg2 Qe6 19. Qe1 g5 20. h3 Nc8 21. Bxa5 Rxd1 22. Qxd1 Nd6 23. Qe1 g4 24. hxg4 Qxg4 25. b4 Ba7 26. Bc7 Nxe4 27. Nd2 Ng5 28. Rh1 Qd7 29. Ne4 Nxe4 30. Qxe4 Qxc7 31. Rxh5 Qf7 32. Qg4+ Qg7 33. Qe6+ Kf8 34. Qf5 Rd8 35. Rh7 Qg5 36. Qe6 Qg6 37. Rh8+ Kg7 38. Rxd8 Qe4+ 39. Kh2 Qh7+ 40. Qh3 Qxc2 41. Qg4+ Kf7 42. Qg8+ 1-0

[Event "Mecklenburg VP LL2 Ost 1819"]
[Site "Mecklenburg VP"]
[Date "2018.11.11"]
[Round "2.7"]
[White "Klotzsche, Stefan"]
[Black "Zierke, Udo"]
[Result "1-0"]
[WhiteElo "1720"]
[BlackElo "1624"]
[PlyCount "89"]
[EventDate "2018.10.21"]
[EventType "team-tourn"]
[EventRounds "9"]
[EventCountry "GER"]
[SourceTitle "EXT 2022"]
[Source "ChessBase"]
[SourceDate "2021.10.06"]
[SourceVersion "1"]
[SourceVersionDate "2021.10.06"]
[SourceQuality "1"]
[WhiteTeam "Wolgast Motor"]
[BlackTeam "Ribnitz Damgarten"]
[WhiteTeamCountry "GER"]
[BlackTeamCountry "GER"]

1. Nf3 Nf6 2. d4 d5 3. g3 e6 4. Bg2 c5 5. e3 Nc6 6. 0-0 Be7 7. b3 0-0 8. Bb2 b6 9. Nbd2 Ba6 10. Re1 Rc8 11. Rc1 Bd6 12. c4 Ne7 13. Ne5 dxc4 14. bxc4 Rc7 15. f4 Bb7 16. Bxb7 Rxb7 17. Qf3 Qc7 18. Re2 Rfb8 19. g4 Nd7 20. g5 Bxe5 21. dxe5 Qc6 22. e4 g6 23. Nf1 b5 24. cxb5 Rxb5 25. Rcc2 Nf5 26. Qh3 Ng7 27. Ba3 a6 28. Nd2 a5 29. Rc3 Qb6 30. Nc4 Qa6 31. Rd2 Qc6 32. Qd3 Nf8 33. Nd6 Rd8 34. Qxb5 Qxb5 35. Nxb5 Rxd2 36. Rxc5 Rd8 37. Nd6 Ra8 38. Rc7 Ne8 39. Nxe8 Rxe8 40. Ra7 Rd8 41. Rxa5 Rd1+ 42. Kf2 Nd7 43. Be7 Kg7 44. Bf6+ Kg8 45. Ra8+ 1-0

[Event "Mecklenburg VP LL2 Ost 1617"]
[Site "Mecklenburg VP"]
[Date "2017.04.23"]
[Round "9.6"]
[White "Raitza, Egon"]
[Black "Klotzsche, Stefan"]
[Result "0-1"]
[WhiteElo "1559"]
[BlackElo "1753"]
[PlyCount "88"]
[EventDate "2016.10.16"]
[EventType "team-tourn"]
[EventRounds "9"]
[EventCountry "GER"]
[SourceTitle "EXT 2022"]
[Source "ChessBase"]
[SourceDate "2021.10.06"]
[SourceVersion "1"]
[SourceVersionDate "2021.10.06"]
[SourceQuality "1"]
[WhiteTeam "Rostock SSC 07 III"]
[BlackTeam "Wolgast Motor"]
[WhiteTeamCountry "GER"]
[BlackTeamCountry "GER"]

1. d4 g6 2. c4 f5 3. g3 Nf6 4. Bg2 Bg7 5. Nc3 d6 6. e4 c6 7. e5 dxe5 8. dxe5 Qxd1+ 9. Kxd1 Ng4 10. f4 Nf2+ 11. Ke2 Nxh1 12. Bxh1 0-0 13. Be3 Be6 14. b3 h6 15. Nf3 Nd7 16. Rc1 Rfd8 17. Nd4 Nc5 18. Nxc6 Nxb3 19. Nxe7+ Kf7 20. axb3 Kxe7 21. Nb5 Rd7 22. Bc5+ Kd8 23. Bxa7 Bf8 24. Ra1 Kc8 25. Rd1 Rxd1 26. Kxd1 Bd7 27. Bd4 Bxb5 28. cxb5 Ra2 29. h4 Bb4 30. Kc1 Rd2 31. Bb6 Rd3 32. Kc2 Rxg3 33. Bd5 Be7 34. h5 gxh5 35. Be6+ Kb8 36. Bxf5 h4 37. Be4 Rg4 38. Be3 b6 39. Bc6 Kc7 40. f5 Bg5 41. Bxg5 Rxg5 42. e6 Kd6 43. Kd3 Rxf5 44. Ke4 Rf1 0-1

[Event "Mecklenburg VP LL2 Ost 1617"]
[Site "Mecklenburg VP"]
[Date "2016.12.04"]
[Round "4.5"]
[White "Klinger, Clemens"]
[Black "Klotzsche, Stefan"]
[Result "1/2-1/2"]
[WhiteElo "1566"]
[BlackElo "1753"]
[PlyCount "84"]
[EventDate "2016.10.16"]
[EventType "team-tourn"]
[EventRounds "9"]
[EventCountry "GER"]
[SourceTitle "EXT 2022"]
[Source "ChessBase"]
[SourceDate "2021.10.06"]
[SourceVersion "1"]
[SourceVersionDate "2021.10.06"]
[SourceQuality "1"]
[WhiteTeam "Stralsund FHSG II"]
[BlackTeam "Wolgast Motor"]
[WhiteTeamCountry "GER"]
[BlackTeamCountry "GER"]

1. e4 d6 2. d4 Nf6 3. Nc3 e5 4. dxe5 dxe5 5. Qxd8+ Kxd8 6. Bg5 c6 7. Nf3 Bd6 8. Bc4 Be6 9. Bxe6 fxe6 10. Bh4 Nbd7 11. 0-0-0 Ke7 12. Nd2 b5 13. f3 a5 14. a4 Rhb8 15. g4 h6 16. g5 hxg5 17. Bxg5 Nc5 18. axb5 cxb5 19. Rhg1 Rb6 20. Be3 Kf7 21. Rg5 a4 22. f4 Nh7 23. Bxc5 Bxc5 24. Rxe5 Bd6 25. Rxb5 Rxb5 26. Nxb5 Bxf4 27. Rf1 e5 28. Kb1 Nf6 29. Nf3 Ke7 30. h3 Rh8 31. h4 Rc8 32. Nfd4 Nxe4 33. Ka2 Ng3 34. Re1 Kf6 35. Ne2 Rxc2 36. Nxg3 Bxg3 37. Rf1+ Ke6 38. Rh1 Bf2 39. Rh2 Kf5 40. h5 Rd2 41. Rg2 Kf6 42. Nc3 Kf5 1/2-1/2

[Event "Mecklenburg VP LL2 Ost 1516"]
[Site "Mecklenburg VP"]
[Date "2016.03.13"]
[Round "7.7"]
[White "Mueller, Nick"]
[Black "Klotzsche, Stefan"]
[Result "1-0"]
[WhiteElo "2210"]
[BlackElo "1745"]
[PlyCount "99"]
[EventDate "2015.09.20"]
[EventType "team-tourn"]
[EventRounds "9"]
[EventCountry "GER"]
[SourceTitle "EXT 2022"]
[Source "ChessBase"]
[SourceDate "2021.10.06"]
[SourceVersion "1"]
[SourceVersionDate "2021.10.06"]
[SourceQuality "1"]
[WhiteTeam "Greifswald II"]
[BlackTeam "Wolgast Motor"]
[WhiteTeamCountry "GER"]
[BlackTeamCountry "GER"]

1. e4 g6 2. d4 Bg7 3. Nf3 d6 4. Nc3 Nf6 5. Be2 a6 6. a4 0-0 7. 0-0 c5 8. d5 h6 9. h3 e6 10. Bf4 e5 11. Be3 Ne8 12. Nd2 Kh7 13. Nc4 f5 14. f4 exf4 15. Rxf4 g5 16. Rf1 f4 17. Bf2 Nd7 18. a5 Rb8 19. Na4 Ne5 20. Ra3 f3 21. gxf3 Bxh3 22. f4 Bxf1 23. fxe5 Bxe2 24. Qxe2 Bxe5 25. Nxe5 dxe5 26. Nxc5 Ng7 27. Nd3 Qf6 28. Rb3 Rf7 29. Rb6 Qf3 30. Qxf3 Rxf3 31. Kg2 g4 32. Nxe5 Rf4 33. Nd7 Rc8 34. c3 Rc7 35. Bg3 Nh5 36. Nf6+ Rxf6 37. Bxc7 Rxb6 38. axb6 Nf6 39. Kg3 Nxe4+ 40. Kxg4 Nf6+ 41. Kf5 Nxd5 42. Ke6 Ne3 43. Kd7 Nd1 44. b3 Nxc3 45. Kc8 Ne4 46. Kxb7 Nc5+ 47. Kc6 Nxb3 48. b7 Nd4+ 49. Kd5 Nb5 50. b8Q 1-0

[Event "Mecklenburg VP LL2 Ost 1516"]
[Site "Mecklenburg VP"]
[Date "2016.02.21"]
[Round "6.4"]
[White "Rosenbusch, Robert Mario"]
[Black "Klotzsche, Stefan"]
[Result "0-1"]
[WhiteElo "1701"]
[BlackElo "1745"]
[PlyCount "87"]
[EventDate "2015.09.20"]
[EventType "team-tourn"]
[EventRounds "9"]
[EventCountry "GER"]
[SourceTitle "EXT 2022"]
[Source "ChessBase"]
[SourceDate "2021.10.06"]
[SourceVersion "1"]
[SourceVersionDate "2021.10.06"]
[SourceQuality "1"]
[WhiteTeam "Bergen Rugia"]
[BlackTeam "Wolgast Motor"]
[WhiteTeamCountry "GER"]
[BlackTeamCountry "GER"]

1. Nf3 Nf6 2. c4 g6 3. g3 Bg7 4. Bg2 d6 5. 0-0 0-0 6. Nc3 a6 7. d4 c5 8. e4 cxd4 9. Nxd4 e5 10. Nc2 Nc6 11. Ne3 Rb8 12. Qd3 Nd4 13. Ned5 Nd7 14. Be3 Nc5 15. Qd2 b5 16. Ne2 Nxe2+ 17. Qxe2 Bd7 18. b4 Na4 19. Rfc1 bxc4 20. Qxc4 Bb5 21. Qc7 f5 22. Qxd8 Rbxd8 23. Bg5 Rd7 24. Bf1 Bxf1 25. Kxf1 fxe4 26. Be3 Nb2 27. Rc6 Nd3 28. Kg2 Nf4+ 29. gxf4 exf4 30. Rac1 fxe3 31. fxe3 Rf5 32. Nc3 Bxc3 33. R1xc3 a5 34. Rc8+ Kf7 35. R8c7 Ke6 36. Rxd7 Kxd7 37. Rc4 Rb5 38. bxa5 Rxa5 39. a4 d5 40. Rb4 Kc6 41. Kg3 Ra7 42. Kf4 Rf7+ 43. Ke5 Rf2 44. Rb5 0-1

[Event "Mecklenburg VP LL2 Ost 1516"]
[Site "Mecklenburg VP"]
[Date "2015.09.20"]
[Round "1.6"]
[White "Klotzsche, Stefan"]
[Black "Mueggenburg, Rolf"]
[Result "1/2-1/2"]
[WhiteElo "1745"]
[BlackElo "1549"]
[PlyCount "38"]
[EventDate "2015.09.20"]
[EventType "team-tourn"]
[EventRounds "9"]
[EventCountry "GER"]
[SourceTitle "EXT 2022"]
[Source "ChessBase"]
[SourceDate "2021.10.06"]
[SourceVersion "1"]
[SourceVersionDate "2021.10.06"]
[SourceQuality "1"]
[WhiteTeam "Wolgast Motor"]
[BlackTeam "Graal Mueritz"]
[WhiteTeamCountry "GER"]
[BlackTeamCountry "GER"]

1. Nf3 d6 2. g3 f5 3. d4 Nf6 4. c4 c6 5. Nc3 g6 6. Bg2 Bg7 7. 0-0 0-0 8. h3 Nbd7 9. Be3 h6 10. b4 Kh7 11. a4 Nb6 12. Qd3 Be6 13. Nd2 Qb8 14. Kh2 Bf7 15. f4 d5 16. c5 Nc4 17. Bg1 Nxd2 18. Qxd2 Rd8 19. Rfc1 a6 1/2-1/2

[Event "Mecklenburg VP LL2 Ost 1415"]
[Site "Mecklenburg VP"]
[Date "2014.11.23"]
[Round "3.6"]
[White "Klotzsche, Stefan"]
[Black "Schmidt, Paul1"]
[Result "1/2-1/2"]
[WhiteElo "1707"]
[BlackElo "1451"]
[PlyCount "59"]
[EventDate "2014.09.21"]
[EventType "team-tourn"]
[EventRounds "9"]
[EventCountry "GER"]
[SourceTitle "EXT 2022"]
[Source "ChessBase"]
[SourceDate "2021.10.06"]
[SourceVersion "1"]
[SourceVersionDate "2021.10.06"]
[SourceQuality "1"]
[WhiteTeam "Wolgast Motor"]
[BlackTeam "Torgelow Droegeheide II"]
[WhiteTeamCountry "GER"]
[BlackTeamCountry "GER"]

1. Nf3 d5 2. g3 Nf6 3. Bg2 Nc6 4. d3 e5 5. 0-0 Bg4 6. a3 a5 7. c4 Be7 8. Bg5 0-0 9. Bxf6 Bxf6 10. cxd5 Qxd5 11. Nc3 Qe6 12. Rc1 Bh3 13. Bxh3 Qxh3 14. Ne4 Be7 15. Qb3 Rab8 16. Rc2 Qd7 17. Rfc1 Bd6 18. Qb5 Rfc8 19. d4 exd4 20. Nxd4 Bxa3 21. Nf5 Bb4 22. Nh6+ Kh8 23. Nf5 Qd8 24. e3 g6 25. Rxc6 bxc6 26. Qe5+ f6 27. Nxf6 Bf8 28. Nd7+ Kg8 29. Qe6+ Kh8 30. Qe5+ 1/2-1/2

[Event "Mecklenburg VP LL2 Ost 1314"]
[Site "Mecklenburg VP"]
[Date "2013.11.24"]
[Round "3.8"]
[White "Hartung, Lothar"]
[Black "Klotzsche, Stefan"]
[Result "0-1"]
[WhiteElo "1798"]
[BlackElo "1626"]
[PlyCount "66"]
[EventDate "2013.10.27"]
[EventType "team-tourn"]
[EventRounds "9"]
[EventCountry "GER"]
[SourceTitle "EXT 2022"]
[Source "ChessBase"]
[SourceDate "2021.10.06"]
[SourceVersion "1"]
[SourceVersionDate "2021.10.06"]
[SourceQuality "1"]
[WhiteTeam "Neubrandenburg SV Turbine"]
[BlackTeam "Wolgast Motor"]
[WhiteTeamCountry "GER"]
[BlackTeamCountry "GER"]

1. d4 Nf6 2. f4 g6 3. Nf3 Bg7 4. e3 d6 5. Bd3 a6 6. 0-0 0-0 7. c3 c5 8. Qc2 Nc6 9. f5 b5 10. fxg6 hxg6 11. Ng5 Bd7 12. Ne4 Qb6 13. Nxf6+ exf6 14. Kh1 Rac8 15. Qf2 Rfe8 16. Nd2 Ne7 17. Ne4 f5 18. Ng3 Be6 19. e4 fxe4 20. Nxe4 cxd4 21. Nf6+ Bxf6 22. Qxf6 Nd5 23. Qg5 Kg7 24. Qh6+ Kg8 25. Bxg6 fxg6 26. Qxg6+ Kh8 27. Bh6 Qc7 28. Rae1 Qd7 29. Re4 Bf5 30. Bg7+ Kg8 31. Rxe8+ Rxe8 32. Qg5 Qxg7 33. Qxf5 Ne3 0-1

[Event "Mecklenburg VP LL2 Ost 1213"]
[Site "Mecklenburg VP"]
[Date "2013.03.17"]
[Round "7.8"]
[White "Klotzsche, Stefan"]
[Black "Radloff, Arno"]
[Result "1-0"]
[WhiteElo "1613"]
[BlackElo "1511"]
[PlyCount "101"]
[EventDate "2012.10.14"]
[EventType "team-tourn"]
[EventRounds "9"]
[EventCountry "GER"]
[SourceTitle "EXT 2022"]
[Source "ChessBase"]
[SourceDate "2021.10.06"]
[SourceVersion "1"]
[SourceVersionDate "2021.10.06"]
[SourceQuality "1"]
[WhiteTeam "Wolgast Motor"]
[BlackTeam "Neubrandenburg SG Eintracht II"]
[WhiteTeamCountry "GER"]
[BlackTeamCountry "GER"]

1. Nf3 Nf6 2. g3 e6 3. Bg2 d5 4. 0-0 c5 5. d3 Nc6 6. Nc3 Be7 7. e4 dxe4 8. dxe4 Qxd1 9. Rxd1 0-0 10. h3 h6 11. Be3 e5 12. Nh4 b6 13. Nf5 Bb7 14. Nb5 Rfc8 15. Rd2 Bf8 16. f3 Nd4 17. Bxd4 cxd4 18. Nbd6 Bxd6 19. Nxd6 Rc7 20. f4 exf4 21. Nxb7 Rac8 22. Nd6 Rxc2 23. Nxc8 Rxd2 24. gxf4 Rxb2 25. Bf3 d3 26. Nxa7 d2 27. a4 Rc2 28. Rd1 Nd7 29. Kf2 Nc5 30. Ke2 Ra2 31. Nc8 Nb3 32. Nxb6 Nc1+ 33. Kf1 Nb3 34. e5 Rc2 35. Bg4 Rc6 36. Nd5 Rc4 37. e6 fxe6 38. Bxe6+ Kh8 39. Ne7 Rxf4+ 40. Kg2 Rb4 41. Bxb3 Rxb3 42. Rxd2 Kh7 43. Ra2 Re3 44. Nf5 Rd3 45. a5 g6 46. Ng3 h5 47. a6 Rd8 48. a7 Ra8 49. Ne4 Kh6 50. Nc3 h4 51. Nd5 1-0

[Event "Mecklenburg VP LL2 Ost 1112"]
[Site "Mecklenburg VP"]
[Date "2012.04.15"]
[Round "9.8"]
[White "Klotzsche, Stefan"]
[Black "Scheel, Manfred"]
[Result "0-1"]
[WhiteElo "1590"]
[BlackElo "1469"]
[PlyCount "63"]
[EventDate "2011.10.02"]
[EventType "team-tourn"]
[EventRounds "9"]
[EventCountry "GER"]
[SourceTitle "EXT 2022"]
[Source "ChessBase"]
[SourceDate "2021.10.06"]
[SourceVersion "1"]
[SourceVersionDate "2021.10.06"]
[SourceQuality "1"]
[WhiteTeam "Wolgast Motor"]
[BlackTeam "Bergen Rugia"]
[WhiteTeamCountry "GER"]
[BlackTeamCountry "GER"]

1. c4 Nf6 2. Nc3 e6 3. g3 c6 4. Bg2 Be7 5. b3 Qb6 6. Nf3 0-0 7. 0-0 d5 8. d4 Nbd7 9. Qd3 h6 10. Bd2 Rd8 11. Rfb1 c5 12. e3 cxd4 13. exd4 Bb4 14. c5 Qc6 15. Ne1 e5 16. Nxd5 Nxd5 17. Bxd5 Qxd5 18. Bxb4 exd4 19. Rc1 Ne5 20. Qf1 Bf5 21. Rd1 Rd7 22. h3 Rad8 23. f4 Nc6 24. Ba3 d3 25. Kh2 Nd4 26. Rd2 Re8 27. Rf2 d2 28. Rxd2 Rxe1 29. Rxe1 Nf3+ 30. Kh1 Nxd2+ 31. Qg2 Be4 32. Rxe4 0-1

[Event "Mecklenburg VP LL2 Ost 1112"]
[Site "Mecklenburg VP"]
[Date "2012.03.04"]
[Round "6.8"]
[White "Wolski, Gunther"]
[Black "Klotzsche, Stefan"]
[Result "0-1"]
[WhiteElo "1505"]
[BlackElo "1590"]
[PlyCount "104"]
[EventDate "2011.10.02"]
[EventType "team-tourn"]
[EventRounds "9"]
[EventCountry "GER"]
[SourceTitle "EXT 2022"]
[Source "ChessBase"]
[SourceDate "2021.10.06"]
[SourceVersion "1"]
[SourceVersionDate "2021.10.06"]
[SourceQuality "1"]
[WhiteTeam "Warnemuende SF Ostsee II"]
[BlackTeam "Wolgast Motor"]
[WhiteTeamCountry "GER"]
[BlackTeamCountry "GER"]

1. d4 g6 2. c4 Bg7 3. Nf3 d6 4. h3 Nd7 5. Nc3 e5 6. e3 Ne7 7. e4 h6 8. Be3 0-0 9. Bd3 f5 10. Bc2 f4 11. Bc1 exd4 12. Nxd4 Ne5 13. Bb3 Kh7 14. Nf3 N7c6 15. Ne2 Nxf3+ 16. gxf3 Qh4 17. Qd2 Ne5 18. Ng1 Be6 19. Qe2 Rae8 20. Bd2 Qg5 21. Qf1 c6 22. h4 Qh5 23. Qe2 d5 24. cxd5 cxd5 25. 0-0-0 dxe4 26. Bxe6 Nd3+ 27. Kb1 Rxe6 28. Bc1 Nc5 29. Qc4 exf3 30. Rd5 Re5 31. Rxe5 Qxe5 32. Nxf3 Qe4+ 33. Qxe4 Nxe4 34. Rh2 Rd8 35. Bxf4 Rf8 36. Be3 Rxf3 37. Bxa7 Rf5 38. Be3 Bf6 39. Kc2 Rh5 40. f3 Nd6 41. Rd2 Nc4 42. Rd7+ Kg8 43. Bd4 Bxd4 44. Rxd4 b5 45. b3 Ne3+ 46. Kd3 Nf5 47. Rd8+ Kf7 48. Rd5 Rxh4 49. Rxb5 Rd4+ 50. Kc3 Rf4 51. a4 Rxf3+ 52. Kc4 Nd6+ 0-1

[Event "Mecklenburg VP LL2 Ost 1112"]
[Site "Mecklenburg VP"]
[Date "2012.02.18"]
[Round "8.8"]
[White "Jeske, Holger"]
[Black "Klotzsche, Stefan"]
[Result "1-0"]
[WhiteElo "1715"]
[BlackElo "1590"]
[PlyCount "101"]
[EventDate "2011.10.02"]
[EventType "team-tourn"]
[EventRounds "9"]
[EventCountry "GER"]
[SourceTitle "EXT 2022"]
[Source "ChessBase"]
[SourceDate "2021.10.06"]
[SourceVersion "1"]
[SourceVersionDate "2021.10.06"]
[SourceQuality "1"]
[WhiteTeam "Rostock SSC 07 III"]
[BlackTeam "Wolgast Motor"]
[WhiteTeamCountry "GER"]
[BlackTeamCountry "GER"]

1. e4 c5 2. b4 b6 3. b5 Qc7 4. Bb2 e6 5. Nc3 d6 6. g4 Bb7 7. Bg2 Ne7 8. Nge2 Nd7 9. Ng3 Ng6 10. Nh5 Nde5 11. h4 Qe7 12. g5 h6 13. f4 Nc4 14. Bc1 hxg5 15. hxg5 Rxh5 16. Qxh5 Nxf4 17. Qg4 Nxg2+ 18. Qxg2 d5 19. d3 d4 20. Nd1 Nd6 21. a4 0-0-0 22. Qg4 f5 23. gxf6 gxf6 24. Qg6 Nf7 25. Rh7 Rd7 26. Nf2 f5 27. Nh3 Qd6 28. Bf4 e5 29. Qxf5 Bh6 30. Rxf7 Bxf4 31. Nxf4 exf4 32. Qxd7+ Qxd7 33. Rxd7 Kxd7 34. Kf2 Kd6 35. Kf3 Ke5 36. Rh1 c4 37. Rh5+ Kd6 38. Kxf4 c3 39. Rh7 Bc8 40. Rxa7 Be6 41. Rb7 Kc5 42. Ke5 Ba2 43. Rc7+ Kb4 44. Kxd4 Kxa4 45. Kxc3 Kxb5 46. d4 Ka6 47. Kb4 Be6 48. d5 Bh3 49. e5 Bg2 50. d6 Bh3 51. d7 1-0

[Event "Mecklenburg VP LL1 0405"]
[Site "Mecklenburg VP"]
[Date "2005.04.10"]
[Round "8.7"]
[White "Rickmann, Niklas"]
[Black "Klotzsche, Stefan"]
[Result "1-0"]
[WhiteElo "1461"]
[BlackElo "1628"]
[PlyCount "53"]
[EventDate "2004.10.24"]
[EventType "team-tourn"]
[EventRounds "9"]
[EventCountry "GER"]
[SourceTitle "EXT 2009"]
[Source "ChessBase"]
[SourceDate "2008.11.26"]
[SourceVersion "1"]
[SourceVersionDate "2008.11.26"]
[SourceQuality "1"]
[WhiteTeam "Stralsund TSV"]
[BlackTeam "Wolgast Motor"]
[WhiteTeamCountry "GER"]
[BlackTeamCountry "GER"]

1. e4 c5 2. Nf3 e6 3. d4 cxd4 4. Nxd4 a6 5. Nc3 Qc7 6. Be3 Nf6 7. a3 Be7 8. f4 d6 9. Bd3 0-0 10. h3 Rd8 11. g4 e5 12. fxe5 dxe5 13. Nf5 Bxf5 14. gxf5 Nbd7 15. Qf3 b5 16. Rg1 b4 17. Ne2 bxa3 18. bxa3 Nc5 19. Bc4 Ncxe4 20. Qg2 Bf8 21. Bh6 Qd7 22. Bd3 Qxf5 23. Bxg7 Qg6 24. Bxf6 Rxd3 25. Qxe4 Rxa3 26. Rxg6+ hxg6 27. Rxa3 1-0